000 00870nam a2200241 i 4500
001 90317
003 ES-MaACL
005 20230906180418.0
007 t|
008 050119s1935 sp ||||1| spa d
245 0 0 _aLeyes religiosas según los textos oficiales /
_cconcordadas, anotadas y con índices completos por Miguel Carazony de la Rosa, Mariano Granados y Aguirre [y] Angel Segovia.
260 _aMadrid :
_b[s.n.],
_c1935 (
_fUnion Tipográfica)
300 _a464 p. ;
_c17 cm.
490 1 _aLegislación española
490 1 _aCódigos y leyes españolas
700 1 _aCarazony de la Rosa, Miguel.
_934986
700 1 _aGranados y Aguirre, Mariano.
_959566
700 1 _aSegovia, Angel.
_9105143
830 0 _aLegislación española
_9184145
830 0 _aCódigos y leyes españolas
_9184146
852 _aES-MaACL
_jA-3740
999 _c90317
_d90317